000 00637cab a22001935a 4500
001 L152782
008 110427e20110416xxk 000 0 eng d
035 _a(Sirsi) u152782
041 0 _aeng
100 1 _aFrancis, Edward
245 0 0 _aGreen is the new black
260 _c2011
490 _aEstates Gazette
_v(1115) 16 April 2011, 85(1)
520 _aAnswers questions about the carbon reduction commitment energy efficiency scheme (CRC) from tenants including detailed explanations.
590 _aKA
651 4 _aUnited Kingdom
690 _aENVIRONMENTAL AND LAND CONSULTANCY-ENERGY-ENERGY USE-ENERGY EFFICIENCY
942 _n0
999 _c83088
_d83088